| 000 | 01255nam a2200337 i 4500 | ||
|---|---|---|---|
| 003 | DO-SdBNP | ||
| 005 | 20231011112802.0 | ||
| 007 | ta | ||
| 008 | 221114b2017 dr a|||| |||| 00| 0 spa d | ||
| 020 | _a9789945168495 | ||
| 040 |
_aDO-SdBNP _bspa _cBNPHU _erda |
||
| 082 | 4 |
_a923.17293 _bT866g, 2017 _222 |
|
| 100 | 1 |
_aGómez, José Miguel, _9380 _eautor |
|
| 245 | 1 | 0 |
_aTrujillo visto por un psiquiatra / _cJosé Miguel Gómez. |
| 250 | _a3a edición | ||
| 264 |
_aSanto Domingo : _bBúhi, _c2017. |
||
| 300 |
_a241 páginas : _bilustraciones, fotografías, retratos ; _c23 cm. |
||
| 336 |
_2rdacontent _atexto _btxt |
||
| 337 |
_2rdamedia _asin mediación _bnc |
||
| 338 |
_2rdacarrier _avolumen _bn |
||
| 490 | 0 | _aBiblioteca José Miguel Gómez | |
| 500 | _aIncluye datos biográficos del autor en la solapa de la cubierta | ||
| 500 | _aIncluye índice | ||
| 504 | _aBibliografía : p. 235-241 | ||
| 590 | _aInventariado, 2022/BT | ||
| 600 | 1 | 4 |
_aTrujillo Molina, Rafael Leónidas, _d1891-1961 _xPersonalidad _910815 |
| 600 | 1 | 4 |
_aTrujillo Molina, Rafael Leónidas, _d 1891-1961 _xPsicología _984412 |
| 650 | 4 |
_aPresidentes _zRepública Dominicana _9599 _vBiografías |
|
| 910 | _aBtavárez/Validado. Control de calidad MFF | ||
| 942 |
_2ddc _cLBS1 |
||
| 999 |
_c52921 _d52921 |
||